000 00683nam a2200217Ia 4500
999 _c37785
_d37785
003 GCL
005 20240530103232.0
008 140319s9999 xx 000 0 ara d
040 _aGCL /
_cGCL
082 0 4 _a190
_bل ث
100 1 _aلويس عوض
245 1 0 _aثورة الفكر فى عصرالنهضة الاوربية /
_cلويس عوض
250 _a'1
260 _aالقاهرة :
_bمركز الاهرام للترجمة والنشر ،
_c1987
300 _a319 ص ؛
_c24 سم
650 0 4 _aالثقافة
650 0 4 _aالثورة الثقافية
650 0 4 _aلويس عوض
650 0 4 _aاوربا - الاحوال الثقافية
942 _2ddc
_cBK